LEADER 01772nam a2200313 i 4500 001 000000136573 003 CaOOAMICUS 005 20050329000000.0 008 050329s2004 it u000 u mul u 013 $a110291 020 $a90-429-1453-X 040 $aSeMil$bita 100 1 $aSchenke Robinson, Gesine.$0(OLS)http://semarc/name/55573 245 14$aDas Berliner "Koptische Buch" (P 20915) :$bEine wiederhergestellte frühchristlich-theologische Abhandlung /$cbearbeitet von Gesine Schenke Robinson ; unter Mitarbeit von Hans Martin Schenke und Uwe-Karsten Plisch. 260 $aLovanii :$bIn aedibus Peeters,$c2004. 300 $aXLI, 459 p. :$bricc. ill. ;$c25 cm. 490 0 $aCorpus Scriptorum Christianorum Orientalium ;$v610. Scriptores Coptici ; 49 490 0 $aCorpus Scriptorum Christianorum Orientalium. Scriptores Coptici ;$v49. 650 4$aManoscritti copti - Berlino.$0(OLS)http://semarc/subject/26871 700 1 $aPlisch, Uwe-Karsten.$0(OLS)http://semarc/name/23806 700 1 $aSchenke, Hans Martin,$d<1929-2002>.$0(OLS)http://semarc/name/17662 830 0$aCorpus Scriptorum Christianorum Orientalium ;$v610. Scriptores Coptici ; 49.$0(OLS)http://semarc/title/77 830 0$aCorpus Scriptorum Christianorum Orientalium. Scriptores Coptici ;$v49.$0(OLS)http://semarc/title/17571 850 $aSeMil 852 $aSeMil$W1$xVenegono$y1$m2S III 610$j90167$B90167$CSeMilBibl$Z2$F95403 $81 961 $aSottoscrizione: Peeters 996 $6020$a90-429-1453-X$9(OLS)http://semarc/number/124108 996 $6245$aDas Berliner "Koptische Buch" (P 20915) :$bEine wiederhergestellte frühchristlich-theologische Abhandlung$9(OLS)http://semarc/title/199543 996 $6260$aLovanii :$bIn aedibus Peeters$9(OLS)http://semarc/publisher/30114 LEADER 00955nam a2200241 i 4500 001 000000182849 003 CaOOAMICUS 005 20091031000000.0 008 091031s1983 it u000 u ita u 013 $a160810 040 $aSeMil$bita 100 1 $aColleoni, Gabriele.$0(OLS)http://semarc/name/67337 245 10$aBrasile. Grandi progetti :$bipoteca sul futuro? /$cGabriele Colleoni. 260 $aBologna :$bEMI,$cstampa 1983. 300 $a210 p. ;$c19 cm. 490 0 $aQuaderni Asal ;$vNuova serie36. 500 $aContiene : Appendice. 650 4$aBrasile.$0(OLS)http://semarc/subject/8068 830 0$aQuaderni Asal ;$vNuova serie36.$0(OLS)http://semarc/title/11326 850 $aSeMil 852 $aSeMil$W1$xVenegono$y1$m3E I 259$j133553$B133553$CSeMilBibl$Z2$F145323 $81 996 $6245$aBrasile. Grandi progetti :$bipoteca sul futuro?$9(OLS)http://semarc/title/262387 996 $6260$aBologna :$bEMI$9(OLS)http://semarc/publisher/29618